| 000 | 00606 a2200181 4500 | ||
|---|---|---|---|
| 003 | Nust | ||
| 005 | 20170207153545.0 | ||
| 040 | _cNust | ||
| 082 | _a005.1 | ||
| 100 | _aKanwal, Wajeeha, (MSCS-13) | ||
| 245 |
_aCreating Multi Resolution Mosaics From Videos _cWajeeha Kanwal |
||
| 260 |
_bMCS,NUST _cMarch 2010 _aRawalpindi |
||
| 300 |
_aix, 68 ,p; _billus |
||
| 505 | _aIntroduction (page-1) Registration algorithms (page-13) Proposed algorithm (page-34) Results and analysis (page-48) Conclusion and future work (page-61) | ||
| 538 | _aAlmirah No 69 Shelf No 4 | ||
| 650 | _aPG Theise | ||
| 651 | _aMSCS-13 | ||
| 942 | _cTHS | ||
| 999 |
_c188600 _d188600 |
||